Conflicto agrario en Chiapas (notice nᵒ 9980)
[ vue normale ]
| 000 -Sello discográfico | |
|---|---|
| campo de control de longitud fija | 01642nam a2200445 4500 |
| 005 - Identificación de versión | |
| campo de control | 20251016084614.0 |
| 010 ## - Número Estándar Internacional de Libros (ISBN) | |
| ISBN erróneo | 970-697-062-0 |
| 035 ## - Otros números de control del sistema | |
| Número de control del sistema | 5976 |
| 035 ## - Otros números de control del sistema | |
| Número de control del sistema | 5978 |
| 099 ## - fechas locales | |
| Tipo de ítem Koha | LIBRO |
| 100 ## - Datos de procesamiento general | |
| Datos de procesamiento general | 20031124d2002 m y1spay5003 ba |
| 105 ## - Campo de datos codificados: Material textual, monográfico | |
| Datos codificados de monografía | a 001zy |
| 200 1# - Título y mención de responsabilidad | |
| Título propio | Conflicto agrario en Chiapas |
| Designación general del material | texto impreso |
| Otra información del título | 1934-1964 |
| Primer mención de responsabilidad | María Eugenia Reyes Ramos |
| 210 ## - Publicación, distribución, etc. | |
| Lugar de publicación, distribución, etc. | México |
| Nombre del editor, distribuidor, etc. | Universidad Autónoma Metropolitana, Unidad Xochimilco : Gobierno del Estado de Chiapas |
| Fecha de publicación, distribución, etc. | 2002 |
| 215 ## - Descripción física | |
| Designación de material específico y extensión del ítem | 421 p |
| Otras características físicas | il., fot., mapas |
| Dimensiones | 21 cm |
| 300 ## - Notas generales | |
| Texto de la nota | Mención honorífica en el Premio Marcos y Celia Maus 1999 |
| 318 ## - Nota de acción | |
| Acción | No se presta a domicilio |
| 320 ## - Nota de índices/bibliografías internas | |
| Texto de la nota | Incluye bibliografía: p.399-408 |
| 345 ## - Nota de información de adquisición | |
| Fuente de adquisición/dirección de la suscripción [OBSOLETO] | Donación de la UAM Xochimilco |
| 410 #1 - Series | |
| Título | Biblioteca Popular de Chiapas |
| Nombre de parte o sección | Pensamiento contemporáneo |
| Número de volumen | 26 |
| 606 ## - Término temático usado como materia | |
| Elemento de entrada | Agricultura |
| Subdivisión temática | Aspectos económicos |
| Subdivisión geográfica | Chiapas (México) |
| Número Koha | 16488 |
| 606 ## - Término temático usado como materia | |
| Elemento de entrada | Campesinos |
| Subdivisión temática | Condiciones sociales |
| Subdivisión geográfica | Chiapas (México) |
| Número Koha | 16489 |
| 606 ## - Término temático usado como materia | |
| Elemento de entrada | Conflicto social |
| Subdivisión geográfica | Chiapas (México) |
| Número Koha | 16490 |
| 606 ## - Término temático usado como materia | |
| Elemento de entrada | Reforma agraria |
| Subdivisión temática | Historia |
| Subdivisión geográfica | Chiapas (México) |
| Número Koha | 16491 |
| 607 ## - Nombre geográfico utilizado como tema | |
| Elemento de entrada | Chiapas (México) |
| Subdivisión temática | Condiciones rurales |
| Número Koha | 16478 |
| 660 ## - Código de área geográfica | |
| Código | MX |
| 700 ## - Nombre personal - Responsabilidad primaria | |
| Elemento de entrada | Reyes Ramos |
| Parte del nombre distinta del elemento de entrada | María Eugenia |
| Número Koha | 11804 |
| 801 #0 - Fuente de origen | |
| País | FR |
| Agencia | cm |
| Reglas de catalogación (convenciones descriptivas) | AFNOR |
| 900 ## - | |
| -- | 1/5080 |
| 900 ## - | |
| -- | 7100316839\241103 |
| 942 ## - ELEMENTOS DE ENTRADA SECUNDARIOS (KOHA) | |
| Tipo de ítem Koha | Livre |
| 996 ## - | |
| -- | MEX |
| -- | 751145101 |
| -- | MMAG |
| -- | 001616 |
| -- | R972 R456C |
| -- | 20120201LIV |
| Estatus retirado | Estado de daño | Estado de pérdida | Fecha de adquisición | Biblioteca de origen | Biblioteca actual | Ubicación en estantería | Código de barras | Precio de reemplazo | Signatura topográfica completa | No para préstamo | Tipo de ítem Koha | Nota pública | Nota no pública |
|---|---|---|---|---|---|---|---|---|---|---|---|---|---|
| 05/08/2025 | Casa México Paris | Casa México Paris | 001616 | 05/08/2025 | R972 R456C | No se presta a domicilio | Livre | 20120201LIV | 751145101 |